000 00285nam a22001337a 4500
008 170621b xxu||||| |||| 00| 0 eng d
020 _a2900813388426
041 _aeng
080 _a32
100 _a20
101 _ashp
245 _aAGAINST ALL ODDS
_cALLEN, J.C
942 _2udc
_cBK
999 _c18467
_d18467